000 00879cam a22002897a 4500
003 CHAP
005 20220817044023.0
008 050426d2000 us r 00110 eng d
010 _a90170
011 _a91142
020 _a0306472910
035 _a101700
040 _cCHAP
082 0 4 _a664.07
_bH88
100 0 0 _aHutchings, John B.
_957017
245 1 0 _aExpectations and the food industry :
_bthe impact of colos and appearance
_c/by John B. Hutchings
260 _aNew York :
_bKluwer academic,
_c2003.
300 _a180 p.
590 _aBATCH-UPD
_b10
_c20130110
_lUCH01
_h1149
590 _aCONVERSION
_b10
_c20130109
_lUCH01
_h1350
650 1 4 _aAlimentos
_xCalidad.
650 1 4 _aAlimentos
_xIndustria.
_94227
901 _aBK
905 _aLilia
942 _cLIBRO
949 _a664.07 H88
_bBC
_cLIBRO
_d33724000945762
_eLIBRO
_gI.00224354
_h105519
_i101700
_sb
_t$1.622.00
999 _c90170
_d90170